000 00801nam a22001937a 4500
999 _c165879
_d165879
005 20190710143718.0
010 _aB-728422
020 _a9789388425988
_c449.00
035 _aB-728422
037 _bRK Books
_adpl
082 _a000
245 _aExam goalpost CTET comprehensive guide:
_bpaper-II mathematics and science class VI-VIII /
_cedited by Editorial Team, Exam Goalpost
260 _c2019
_aNew Delhi
_bDreamtech Press
270 _a19-A, Ansari Road, Daryaganj
_bNew Delhi
_e110002
300 _c28cm(pbk)
_axi,513p.:
_bill.
500 _aincludes solved paper December 2018
942 _cEN
_2ddc
_h000
_mEXA